000 01138nam a2200241Ia 4500
999 _c54981
_d54981
001 22052
003 GE_BSU
005 20220524113533.0
008 181216s2010||||ge |||||||||||||| ||geo||
020 _a9789941911798
040 _cGE_BSU
041 _ageo
080 _a811.111'42(075.8)
100 _aთევდორაძე, ნინო.
_913813
245 _aმხატვრული ტექსტის ანალიზისა და ინტერპრეტაციის საფუძვლები = The principles of text analysis and interpretation :
_b[სახელმძღვ.] /
_cნინო თევდორაძე ; [რედ. გ. ლებანიძე].
264 _aთბილისი
_bილიას სახელმწ. უნ-ტი,
_c2010.
300 _a206 გვ.;
_b20 სმ.
500 _aტექსტი ინგლ.
653 _aინგლისური ენა
653 _aინგლისური ტექსტის ანალიზი
700 _aლებანიძე, გ.
_eრედაქტორი
_97721
942 _cBK
_2udc